Le livre des questions sur l'oeil de Honain ibn Ishaq /

محفوظ في:

المؤلف الرئيسي: Ḥunayn ibn Isḥāq al-ʻIbādī, 809?-873 (مؤلف)

مؤلفون آخرون: Sbath, Paul., Meyerhof, Max, 1874-1945.

التنسيق: كتاب

اللغة: French
Arabic

منشور في: Le Caire : Imprimerie de l'Institut français d'archéologie orientale, 1938.

سلاسل: Memoires de l'Institut d'Egypte ; 36.
MIE ; 36.

الموضوعات:

الوسوم: إضافة وسم

لا توجد وسوم, كن أول من يضع وسما على هذه التسجيلة!

رقم الطلب: DT43 .I625 v.36

LEADER 01299namaa2200325 4500
001 18870
003 OSt
005 20260317085232.0
008 130303s1938 ua 000 0 fre d
010 |a 40002873 
040 |c ARCE Library 
041 0 |a fre  |a ara 
050 4 |a DT43 .I625 v.36 
100 0 |6 880-01  |a Ḥunayn ibn Isḥāq al-ʻIbādī,  |d 809?-873,  |e author  |9 32392 
245 1 3 |a Le livre des questions sur l'oeil de Honain ibn Ishaq /   |c par P. Sbath et M. Meyerhof.  |b   
264 1 |a Le Caire :   |b Imprimerie de l'Institut français d'archéologie orientale,   |c 1938. 
300 |a 146 pages ;   |c 28 cm. 
490 1 |a Memoires de l'Institut d'Egypte ;   |v 36. 
490 1 |a MIE ;   |v 36. 
546 |a text in French and Arabic. 
650 0 |a Eye  |x Diseases  |v Early works to 1800. 
700 1 |a Sbath, Paul.  |9 39321 
700 1 |a Meyerhof, Max,  |d 1874-1945.  |9 35924 
740 0 |a Masāʼil fī al-ʻayn. 
830 0 |a Memoires de l'Institut d'Egypte ;   |v 36. 
830 0 |a MIE ;   |v 36. 
880 0 |6 100-01/(3/r  |a حنين بن إسحق العبادي،‪‪‪‪‪‪‪‪‪‪‪‪‪‪‪‪‪‪‪‪‪‪‪‪‪‪‪‪‪‪‪‪‪‪‪‪‪‪‪‪‪‪‪‪‪‪‪‪‪‪‪‪‪‪‪‪‪  |d 809?-873. 
901 |a reviewed 
942 |c BK  |2 lcc 
999 |c 15938  |d 15938